000 00335nam a2200121Ia 4500
008 220216s9999 xx 000 0 und d
100 _aSusaewe Punpichaya
245 0 _aSuggestion on rubbers dry bark symptom protection
260 _bRubber International Magazine
_c2006
300 _a86-87
650 _aDry bark symptom
942 _cJS
999 _c69920
_d69920